000 00402nam a2200169Ia 4500
008 230524s9999 xx 000 0 und d
020 _a8120314913
082 _a621.289
_bNAG
100 _aI.J.Nagrath
245 0 _aElectronics Analog and Digital
250 _a5TH
260 _aNEW DELHI
_bPHI
_c2002
300 _aVIII;735
500 _aQuantity Number: 6
650 _aElectronics
942 _cBK
999 _c9979
_d9979